000 00489nam a22001577a 4500
999 _c7806
_d7807
008 190408b ||||| |||| 00| 0 eng d
020 _a8185835659
082 _a333.7 M24p 2013
245 _aPerspectives on Bilateral and Regional Cooperation :
_bSouth and Central Asia.
260 _aIndia ;
_bCentral for Rural and Industrial Development,
_c2013.
300 _axvi, 484 p.
_c25 cm.
700 _aMalhotra, Rashpal
700 _aGill, Sucha Singh
700 _aGaur, Neetu
942 _2ddc